|
|
|
|
| LEADER |
00000cam a2200000 c 4500 |
| 001 |
270761411 |
| 003 |
DE-627 |
| 005 |
20251222212026.0 |
| 007 |
tu |
| 008 |
990622s2000 xxu||||| 00| ||eng c |
| 010 |
|
|
|a 99031685
|
| 016 |
7 |
|
|a 0262201259
|2 UK
|
| 020 |
|
|
|a 0262201259
|c alk. paper
|9 0-262-20125-9
|
| 024 |
3 |
|
|a 9780262201254
|
| 024 |
8 |
|
|a 199-31685
|q Identnummer
|
| 035 |
|
|
|a (DE-627)270761411
|
| 035 |
|
|
|a (DE-576)08374763X
|
| 035 |
|
|
|a (DE-599)GBV270761411
|
| 035 |
|
|
|a (OCoLC)231843944
|
| 035 |
|
|
|a (OCoLC)41476754
|
| 035 |
|
|
|a (DE-604)8131151142
|
| 035 |
|
|
|a (DE-615)00355921
|
| 040 |
|
|
|a DE-627
|b ger
|c DE-627
|e rakwb
|
| 041 |
|
|
|a eng
|
| 044 |
|
|
|c XD-US
|c XA-GB
|
| 050 |
|
0 |
|a HV6558
|
| 060 |
|
0 |
|a HV 6558
|
| 082 |
0 |
|
|a 364.15/32
|q LOC
|2 21
|
| 082 |
0 |
|
|a 364.1532
|
| 084 |
|
|
|a RS
|2 fivr
|
| 084 |
|
|
|a SF06.03
|2 fivs
|
| 084 |
|
|
|a SG02.06
|2 fivs
|
| 084 |
|
|
|a MS 2880
|q BVB
|2 rvk
|0 (DE-625)rvk/123649:
|
| 084 |
|
|
|a WT 3250
|2 rvk
|0 (DE-625)rvk/151949:
|
| 100 |
1 |
|
|8 1\p
|a Thornhill, Randy
|d 1944-
|0 (DE-588)1031695141
|0 (DE-627)737134968
|0 (DE-576)379391910
|4 aut
|
| 109 |
|
|
|a Thornhill, Randy 1944-
|
| 245 |
1 |
2 |
|a A natural history of rape
|b biological bases of sexual coercion
|c Randy Thornhill; Craig T. Palmer
|
| 263 |
|
|
|a : £17.95 : CIP entry (Feb.)
|
| 264 |
|
1 |
|a Cambridge, Mass. [u.a.]
|b MIT Press
|c c 2000
|
| 300 |
|
|
|a XVI, 251 S
|c 24 cm
|
| 336 |
|
|
|a Text
|b txt
|2 rdacontent
|
| 337 |
|
|
|a ohne Hilfsmittel zu benutzen
|b n
|2 rdamedia
|
| 338 |
|
|
|a Band
|b nc
|2 rdacarrier
|
| 500 |
|
|
|a Literaturverz. S. [213] - 243
|
| 650 |
|
0 |
|a Rape
|
| 650 |
|
0 |
|a Men
|x Sexual behavior
|
| 650 |
|
0 |
|a Human Evolution
|
| 650 |
|
2 |
|a Rape
|
| 650 |
|
2 |
|a Human Development
|
| 650 |
|
2 |
|a Men
|
| 650 |
|
2 |
|a Sex Behavior
|
| 689 |
0 |
0 |
|d s
|0 (DE-588)4042696-8
|0 (DE-627)104174900
|0 (DE-576)209052031
|a Vergewaltigung
|2 gnd
|
| 689 |
0 |
|
|5 (DE-627)
|
| 689 |
1 |
0 |
|d s
|0 (DE-588)4126862-3
|0 (DE-627)105729116
|0 (DE-576)209588705
|a Sexuelle Nötigung
|2 gnd
|
| 689 |
1 |
|
|5 (DE-627)
|
| 689 |
2 |
0 |
|d s
|0 (DE-588)4020832-1
|0 (DE-627)10631663X
|0 (DE-576)208934979
|a Gewalt
|2 gnd
|
| 689 |
2 |
1 |
|d s
|0 (DE-588)4116485-4
|0 (DE-627)105806315
|0 (DE-576)209501987
|a Sexualverhalten
|2 gnd
|
| 689 |
2 |
2 |
|d s
|0 (DE-588)4072652-6
|0 (DE-627)106094572
|0 (DE-576)209187778
|a Humanethologie
|2 gnd
|
| 689 |
2 |
|
|5 (DE-627)
|
| 689 |
3 |
0 |
|d s
|0 (DE-588)4037363-0
|0 (DE-627)106237942
|0 (DE-576)209023732
|a Mann
|2 gnd
|
| 689 |
3 |
|
|5 (DE-627)
|
| 700 |
1 |
|
|a Palmer, Craig T.
|d 1957-
|0 (DE-588)1057514217
|0 (DE-627)796009317
|0 (DE-576)413346668
|4 aut
|
| 883 |
|
|
|8 1\p
|a cgwrk
|d 20241001
|q DE-101
|u https://d-nb.info/provenance/plan#cgwrk
|
| 935 |
|
|
|i Blocktest
|
| 936 |
r |
v |
|a MS 2880
|b Sexuierte Praktiken (Prostitution, Pornographie, auch abweichendes Sexualverhalten, etc.)
|k Soziologie
|k Spezielle Soziologien
|k Soziologische Geschlechterforschung (Gender Studies)
|k Sexuierte Praktiken (Prostitution, Pornographie, auch abweichendes Sexualverhalten, etc.)
|0 (DE-627)1271304899
|0 (DE-625)rvk/123649:
|0 (DE-576)201304899
|
| 936 |
r |
v |
|a WT 3250
|b Sexualverhalten des Menschen
|k Biologie
|k Verhaltensforschung und Tierpsychologie
|k Fortpflanzungsverhalten (Balz, Brunst, Begattung)
|k Sexualverhalten des Menschen
|0 (DE-627)1271589265
|0 (DE-625)rvk/151949:
|0 (DE-576)201589265
|
| 936 |
f |
i |
|0 (DE-627)1756134723
|a RS
|b Ohne direkten Regionalbezug
|k Ohne direkten Regionalbezug
|2 fivr
|
| 936 |
f |
i |
|0 (DE-627)1756135843
|a SF06.03
|b Kriminalität
|k Staat
|k Innere Sicherheit/Innerstaatlicher Konflikt
|k Kriminalität
|2 fivs
|
| 936 |
f |
i |
|0 (DE-627)1756135975
|a SG02.06
|b Geschlechterbeziehungen/Lebensgemeinschaften
|k Gesellschaft
|k Gesellschaftsentwicklung/Gesellschaftsstruktur
|k Geschlechterbeziehungen/Lebensgemeinschaften
|2 fivs
|
| 938 |
1 |
0 |
|0 (DE-627)1756193002
|0 (DE-615)6609241
|a Sexuelle Gewalt
|2 fivt
|
| 938 |
1 |
0 |
|0 (DE-627)1756172455
|0 (DE-615)6609137
|a Gewalt gegen Frauen
|2 fivt
|
| 938 |
1 |
0 |
|0 (DE-627)1756202745
|0 (DE-615)6603499
|a Geschlechterrolle/Geschlechterverhältnis
|2 fivt
|
| 938 |
1 |
1 |
|0 (DE-627)1756241007
|0 (DE-615)6605901
|a Biologie
|2 fiva
|
| 938 |
1 |
1 |
|0 (DE-627)1756203156
|0 (DE-615)6604339
|a Sexualität
|2 fiva
|
| 938 |
1 |
1 |
|0 (DE-627)1756187207
|0 (DE-615)6607109
|a Verhaltensforschung
|2 fiva
|
| 938 |
1 |
1 |
|0 (DE-627)175614480X
|0 (DE-615)6603027
|a Soziokulturelle Faktoren
|2 fiva
|
| 951 |
|
|
|a BO
|
| ELC |
|
|
|b 1
|
| LOK |
|
|
|0 000 xxxxxcx a22 zn 4500
|
| LOK |
|
|
|0 001 3142255311
|
| LOK |
|
|
|0 003 DE-627
|
| LOK |
|
|
|0 004 270761411
|
| LOK |
|
|
|0 005 20020416000000
|
| LOK |
|
|
|0 008 000331||||||||||||||||ger|||||||
|
| LOK |
|
|
|0 040
|a DE-21
|c DE-627
|d DE-21
|
| LOK |
|
|
|0 852
|a DE-21
|
| LOK |
|
|
|0 852 1
|c KB 19 A 8043
|9 00
|
| LOK |
|
|
|0 935
|a krim
|
| LOK |
|
|
|0 936ln
|a k10.10.3
|
| LOK |
|
|
|0 939
|a 31-03-00
|b l01
|
| ORI |
|
|
|a SA-MARC-krimdoka001.raw
|
| SIG |
|
|
|a UB: KB 19 A 8043
|